[Event "OLOMOUC CHESS SUMMER 2005 - GM"]
[Site "Olomouc (CZE)"]
[Date "2005.??.??"]
[Round "11.1"]
[White "Shanava, Konstantine"]
[Black "Stopa, Jacek"]
[Result "1-0"]
[WhiteElo "2477"]
[BlackElo "2460"]
[PlyCount "105"]
[EventDate "2005.08.03"]

1. e4 e5 2. Nf3 Nf6 3. Nc3 Nc6 4. Bb5 Bd6 5. O-O O-O 6. d3 a6 7. Bxc6 dxc6 8.
h3 Re8 9. Be3 Qe7 10. Nd2 Bc5 11. Nc4 Bxe3 12. Nxe3 g6 13. f4 exf4 14. Rxf4 Nh5
15. Rf3 Qg5 16. Qc1 Be6 17. Qf1 Rad8 18. Qf2 Ng7 19. Rf1 Rf8 20. Ne2 Qe7 21.
Ng3 Qc5 22. Kh1 Qe5 23. b3 Rd7 24. Rf6 b6 25. Rf4 c5 26. Ngf5 gxf5 27. exf5 Rd4
28. Rxd4 Qxd4 29. fxe6 Nxe6 30. Qf3 Kh8 31. Nd5 f5 32. Re1 Ng5 33. Qf4 Qxd5 34.
Qxg5 Qg8 35. Qf4 Qg7 36. a4 a5 37. Kh2 h6 38. Re6 Kh7 39. Re5 Qf6 40. Qe3 Rf7
41. Re6 Qg5 42. Qg3 f4 43. Qf3 Qf5 44. Re8 Rf8 45. Re7+ Rf7 46. Qe4 Qxe4 47.
Rxf7+ Kg6 48. dxe4 Kxf7 49. g3 fxg3+ 50. Kxg3 Ke6 51. Kf4 c6 52. c4 b5 53. h4
1-0

[Event "OLOMOUC CHESS SUMMER 2005 - GM"]
[Site "Olomouc (CZE)"]
[Date "2005.??.??"]
[Round "11.5"]
[White "Kholmov, Ratmir D"]
[Black "Popchev, Milko"]
[Result "1/2-1/2"]
[WhiteElo "2430"]
[BlackElo "2476"]
[PlyCount "34"]
[EventDate "2005.08.03"]

1. d4 d5 2. c4 c6 3. cxd5 cxd5 4. Nc3 Nf6 5. Bf4 Nc6 6. e3 e6 7. Nf3 Be7 8. Bd3
a6 9. h3 b5 10. O-O Bb7 11. Rc1 O-O 12. Ne2 Ne4 13. Nd2 f5 14. Nf3 Rc8 15. Ne5
Nd6 16. Nxc6 Rxc6 17. Rxc6 Bxc6 1/2-1/2

[Event "OLOMOUC CHESS SUMMER 2005 - GM"]
[Site "Olomouc (CZE)"]
[Date "2005.??.??"]
[Round "11.6"]
[White "Thinius, Marco"]
[Black "Sundararajan, Kidambi"]
[Result "0-1"]
[WhiteElo "2354"]
[BlackElo "2484"]
[PlyCount "82"]
[EventDate "2005.08.03"]

1. e4 c5 2. Nf3 d6 3. d4 cxd4 4. Nxd4 Nf6 5. Nc3 e6 6. Be2 Be7 7. O-O Nc6 8.
Kh1 Bd7 9. f4 Nxd4 10. Qxd4 Bc6 11. f5 e5 12. Qe3 O-O 13. Bc4 Rc8 14. Bb3 b5
15. Bd2 Qd7 16. Qf3 b4 17. Nd5 Nxd5 18. exd5 Bb5 19. Rfc1 a5 20. c4 bxc3 21.
Rxc3 Bf6 22. Rxc8 Rxc8 23. Bxa5 e4 24. Qxe4 Bxb2 25. Re1 Be5 26. Bd2 h6 27. Qg4
Bd3 28. Qf3 Bxf5 29. a4 Bc2 30. Rc1 Bxb3 31. Rxc8+ Qxc8 32. Qxb3 Qf5 33. Kg1
Qe4 34. a5 Qd4+ 35. Kf1 Qxd2 36. a6 Bd4 37. Qf3 Qc1+ 38. Ke2 Qc2+ 39. Kf1 Qb1+
40. Ke2 Qa2+ 41. Kd3 Be5 0-1

[Event "OLOMOUC CHESS SUMMER 2005 - GM B - PROC"]
[Site "Olomouc (CZE)"]
[Date "2005.??.??"]
[Round "11.1"]
[White "Radulski, Julian"]
[Black "Hassan, Abdullah"]
[Result "1-0"]
[WhiteElo "2502"]
[BlackElo "2341"]
[PlyCount "59"]
[EventDate "2005.08.03"]

1. d4 d5 2. c4 c6 3. Nf3 Nf6 4. Nc3 e6 5. Bg5 Nbd7 6. cxd5 exd5 7. e3 Be7 8.
Qc2 O-O 9. Bd3 Re8 10. h3 Ne4 11. Bf4 Ndf6 12. O-O Nxc3 13. bxc3 h6 14. Rae1
Qa5 15. Ne5 Be6 16. Rb1 Bc8 17. c4 Ne4 18. cxd5 cxd5 19. Rb5 Qd8 20. Rxd5 Qxd5
21. Bc4 Be6 22. Bxd5 Bxd5 23. f3 Rac8 24. Qb2 Nc3 25. e4 Bc4 26. Qxc3 Bxf1 27.
Qb3 Ba6 28. Qxf7+ Kh7 29. Qg6+ Kg8 30. Nf7 1-0

[Event "OLOMOUC CHESS SUMMER 2005 - GM B - PROC"]
[Site "Olomouc (CZE)"]
[Date "2005.??.??"]
[Round "11.2"]
[White "Bakre, Tejas"]
[Black "Jirka, Jiri"]
[Result "1-0"]
[WhiteElo "2467"]
[BlackElo "2391"]
[PlyCount "53"]
[EventDate "2005.08.03"]

1. e4 e5 2. Nf3 Nc6 3. Bb5 Nd4 4. Nxd4 exd4 5. Bc4 c6 6. O-O h5 7. d3 Bc5 8.
Nd2 d5 9. Bb3 Ne7 10. h3 Be6 11. Nf3 dxe4 12. dxe4 Bxb3 13. axb3 Qd6 14. Qd3
Ng6 15. e5 Qd5 16. e6 O-O-O 17. exf7 Nf8 18. Ra5 b5 19. c4 Qxf7 20. cxb5 Bb6
21. bxc6 Bxa5 22. Qa6+ Kb8 23. Bf4+ Ka8 24. Qxa5 Ne6 25. Ra1 Rb8 26. Ng5 Nxg5
27. Bc7 1-0

[Event "OLOMOUC CHESS SUMMER 2005 - GM B - PROC"]
[Site "Olomouc (CZE)"]
[Date "2005.??.??"]
[Round "11.3"]
[White "Maslak, Konstantin"]
[Black "Prasad, Devaki V"]
[Result "1-0"]
[WhiteElo "2501"]
[BlackElo "2359"]
[PlyCount "133"]
[EventDate "2005.08.03"]

1. e4 c5 2. Nf3 e6 3. b3 a6 4. Bb2 Nc6 5. g3 d6 6. d4 cxd4 7. Nxd4 Bd7 8. Bg2
Nf6 9. O-O Be7 10. c4 O-O 11. Nc3 Rb8 12. Nxc6 Bxc6 13. Rc1 Qa5 14. Re1 Rfc8
15. a3 b5 16. b4 Qb6 17. Nd5 Qd8 18. Nxf6+ Bxf6 19. Bxf6 gxf6 20. c5 dxc5 21.
Qg4+ Kh8 22. Rxc5 f5 23. Qf4 Bxe4 24. Rxc8 Rxc8 25. Bxe4 Rc4 26. Qe5+ f6 27.
Qxe6 Rxe4 28. Rxe4 fxe4 29. Qxe4 Kg7 30. Kg2 Qd7 31. h3 Qd6 32. Kh2 Qd2 33.
Qg4+ Kf8 34. Qf3 Kg7 35. Kg2 Qd6 36. h4 Kf7 37. g4 Kg7 38. Qe4 Qd7 39. Qf3 Kg6
40. Qe4+ Kg7 41. h5 Kh6 42. Qe3+ Kg7 43. f3 Kf7 44. Kf2 Kg7 45. g5 fxg5 46.
Qxg5+ Kf7 47. Qf4+ Ke8 48. Ke2 Qh3 49. Qg4 Qh2+ 50. Ke3 Qb2 51. Qg8+ Ke7 52.
Qxh7+ Kf8 53. Qh6+ Kf7 54. Qf4+ Kg8 55. Qb8+ Kh7 56. Qb7+ Kh8 57. Qc8+ Kh7 58.
Qf5+ Kh8 59. Qd3 Qe5+ 60. Qe4 Qc3+ 61. Kf4 Qxa3 62. Kg5 Qc1+ 63. f4 Qg1+ 64.
Kf5 Qh2 65. Qe5+ Kh7 66. Kf6 Qd2 67. Qe7+ 1-0

[Event "OLOMOUC CHESS SUMMER 2005 - GM B - PROC"]
[Site "Olomouc (CZE)"]
[Date "2005.??.??"]
[Round "11.4"]
[White "Bernasek, Jan"]
[Black "Arutinian, David"]
[Result "1/2-1/2"]
[WhiteElo "2458"]
[BlackElo "2446"]
[PlyCount "104"]
[EventDate "2005.08.03"]

1. d4 Nf6 2. c4 e6 3. Nf3 b6 4. g3 Ba6 5. Qc2 Bb7 6. Bg2 c5 7. dxc5 bxc5 8. O-O
Be7 9. Nbd2 d6 10. b3 O-O 11. Bb2 Nbd7 12. Rfd1 Qb6 13. Ng5 Bxg2 14. Kxg2 Qc6+
15. Kg1 h6 16. Nge4 Ne8 17. Nc3 Nef6 18. Nde4 Rfd8 19. Rd2 Ne8 20. Rdd1 Nb6 21.
Nd2 Nc7 22. Rac1 Bf8 23. Nf3 Rac8 24. Qe4 d5 25. cxd5 exd5 26. Qc2 Re8 27. Qd3
Qb7 28. Ne1 Rcd8 29. Qf3 Ne6 30. e3 Rd7 31. Nd3 Ng5 32. Qg2 Qa6 33. a4 c4 34.
bxc4 Nxc4 35. Ba1 Red8 36. Nf4 Nb6 37. h4 Ne6 38. Nxe6 fxe6 39. Qf1 Qb7 40. Qb5
Rc8 41. Ne2 Rdc7 42. Be5 Rxc1 43. Rxc1 Rxc1+ 44. Nxc1 Qc8 45. Nd3 Qc4 46. Nf4
Qe4 47. Bb8 Qxa4 48. Qxa4 Nxa4 49. Bxa7 Kf7 50. Bd4 Nc5 51. Bxc5 Bxc5 52. Nd3
Bd6 1/2-1/2

[Event "OLOMOUC CHESS SUMMER 2005 - IM A - INLI"]
[Site "Olomouc (CZE)"]
[Date "2005.??.??"]
[Round "11.1"]
[White "Mohamed, Hossein"]
[Black "Salai, Ladislav"]
[Result "0-1"]
[WhiteElo "2230"]
[BlackElo "2378"]
[PlyCount "106"]
[EventDate "2005.08.03"]

1. Nf3 Nf6 2. g3 g6 3. b3 Bg7 4. Bb2 O-O 5. Bg2 c5 6. c4 Nc6 7. O-O d6 8. d4
cxd4 9. Nxd4 Bd7 10. Nc3 Rc8 11. Rc1 Qa5 12. a3 a6 13. h4 Nxd4 14. Qxd4 Bc6 15.
b4 Qh5 16. Nd5 Bxd5 17. Bxd5 Ne8 18. Qd2 Bxb2 19. Qxb2 Rc7 20. Bf3 Qf5 21. Qd4
Nf6 22. Rc3 Rfc8 23. Rfc1 h5 24. c5 e5 25. Qxd6 e4 26. Bg2 Rd7 27. Qf4 Qe6 28.
Rc4 Rcd8 29. Bf1 Rd1 30. Rxd1 Rxd1 31. Rc1 Rd7 32. Bh3 Qxh3 33. Qxf6 e3 34. Qf3
exf2+ 35. Kxf2 Re7 36. Kg1 Qd7 37. Rf1 Qd4+ 38. Kg2 a5 39. Qd3 Qe5 40. Rf2 Kg7
41. Qf3 axb4 42. axb4 Qd4 43. Qb3 f5 44. Qa4 Qd5+ 45. Kh2 Qd4 46. Kg2 Re3 47.
Qb5 Qd5+ 48. Kh2 Kh6 49. Rf4 Qe5 50. Kg2 Rxe2+ 51. Rf2 Qe4+ 52. Kg1 Re1+ 53.
Rf1 Re3 0-1

[Event "OLOMOUC CHESS SUMMER 2005 - IM A - INLI"]
[Site "Olomouc (CZE)"]
[Date "2005.??.??"]
[Round "11.3"]
[White "Mankeyev, Rauan"]
[Black "Pachow, Joerg"]
[Result "1-0"]
[WhiteElo "2344"]
[BlackElo "2352"]
[PlyCount "173"]
[EventDate "2005.08.03"]

1. d4 Nf6 2. Nf3 e6 3. c4 d5 4. Nc3 Be7 5. Bg5 h6 6. Bh4 O-O 7. e3 b6 8. cxd5
exd5 9. Bd3 Bb7 10. O-O Nbd7 11. Rc1 a6 12. Bf5 g6 13. Bb1 Nh5 14. Bg3 Nxg3 15.
hxg3 Nf6 16. Ne5 Bd6 17. f4 Qe7 18. Qf3 c5 19. g4 Kg7 20. g3 b5 21. Kg2 Rae8
22. Rh1 b4 23. g5 hxg5 24. Na4 Ne4 25. f5 gxf5 26. Qxf5 Rh8 27. Bxe4 dxe4 28.
Rxh8 Rxh8 29. Nc4 Bc8 30. Nxd6 Qxd6 31. Qxg5+ Qg6 32. Qxg6+ Kxg6 33. Nxc5 Bh3+
34. Kg1 Bg4 35. Nxe4 Bf3 36. Nf2 f5 37. Rc4 a5 38. Rc5 a4 39. Rc4 Re8 40. Nd3
Kg5 41. Ne5 Be4 42. Rc7 a3 43. bxa3 bxa3 44. Rg7+ Kh6 45. Ra7 Rb8 46. Rxa3 Rb2
47. Ra6+ Kh5 48. Kf1 Rb1+ 49. Kf2 Rb2+ 50. Ke1 Rg2 51. Ra7 Kh6 52. a4 Rxg3 53.
Kd2 Rg2+ 54. Kc3 Re2 55. Nc4 Bd5 56. Ra5 Be4 57. d5 Kg5 58. Kd4 Re1 59. Ke5 Bd3
60. Nd2 Rxe3+ 61. Kd4 Rh3 62. d6 Bc2 63. Nc4 Rd3+ 64. Ke5 Bb3 65. Nb6 Re3+ 66.
Kd4 Re4+ 67. Kc3 Re3+ 68. Kb4 Be6 69. Ra8 Re4+ 70. Kc5 Re5+ 71. Kc6 f4 72. d7
Bxd7+ 73. Nxd7 Rf5 74. Nc5 f3 75. Nd3 Rf6+ 76. Kc5 f2 77. Nxf2 Rxf2 78. Rg8+
Kh6 79. Rd8 Kg7 80. a5 Kf6 81. Rd4 Ke7 82. a6 Ra2 83. Kb6 Rb2+ 84. Ka5 Ra2+ 85.
Ra4 Rd2 86. a7 Rd8 87. Kb6 1-0

[Event "OLOMOUC CHESS SUMMER 2005 - IM A - INLI"]
[Site "Olomouc (CZE)"]
[Date "2005.??.??"]
[Round "11.4"]
[White "Vovk, Andrey"]
[Black "Beil, Martin"]
[Result "1-0"]
[WhiteElo "2339"]
[BlackElo "2212"]
[PlyCount "95"]
[EventDate "2005.08.03"]

1. e4 c5 2. Nf3 e6 3. d4 cxd4 4. Nxd4 a6 5. Bd3 Nf6 6. O-O d6 7. Nc3 g6 8. Be3
Bg7 9. a4 O-O 10. a5 Nbd7 11. Nb3 Qc7 12. f4 Nc5 13. Nxc5 dxc5 14. Bc4 Rd8 15.
Qf3 Bd7 16. Qe2 Be8 17. h3 Bf8 18. Qf2 Rac8 19. f5 exf5 20. exf5 Bg7 21. fxg6
hxg6 22. Bf4 Qd7 23. Rad1 Qc6 24. Rxd8 Rxd8 25. Be5 Rd4 26. Bb3 Ng4 27. Bxf7+
Kh7 28. Qh4+ Nh6 29. Bxd4 Bxd4+ 30. Kh1 Kg7 31. Bxe8 Qxe8 32. Re1 Qf8 33. Qe7+
Qxe7 34. Rxe7+ Kf6 35. Nd5+ Kg5 36. c3 Bf2 37. Re5+ Nf5 38. g4 Bg3 39. Re6 Nh4
40. Rb6 Be5 41. Rxb7 Nf3 42. Kg2 Ne1+ 43. Kf2 Nd3+ 44. Ke3 c4 45. Rb6 Bh2 46.
Rxa6 Bg1+ 47. Kd2 Nc5 48. Ra8 1-0

[Event "OLOMOUC CHESS SUMMER 2005 - IM A - INLI"]
[Site "Olomouc (CZE)"]
[Date "2005.??.??"]
[Round "11.6"]
[White "Malinovsky, Karel"]
[Black "Krupa, Monika"]
[Result "0-1"]
[WhiteElo "2309"]
[BlackElo "2275"]
[PlyCount "98"]
[EventDate "2005.08.03"]

1. e4 e6 2. d4 d5 3. Nc3 Bb4 4. e5 c5 5. a3 Bxc3+ 6. bxc3 Qa5 7. Bd2 Qa4 8. Qb1
c4 9. g3 Nc6 10. Bh3 Bd7 11. Nf3 O-O-O 12. O-O f6 13. Re1 Re8 14. Qb2 h5 15.
exf6 gxf6 16. Nh4 Qa5 17. Re2 Rh7 18. Rae1 e5 19. Bxd7+ Rxd7 20. Bf4 Rde7 21.
Nf5 exf4 22. Nd6+ Kd7 23. Nxe8 Kxe8 24. Qxb7 Qb6 25. Qc8+ Kf7 26. Qf5 Qd8 27.
Qxf4 Qd7 28. Re3 Rxe3 29. Qxe3 Nge7 30. Rb1 Qf5 31. h4 Qxc2 32. Rb7 Qf5 33. Qh6
a5 34. a4 Qf3 35. Qh7+ Ke6 36. Qc2 Qd3 37. Qc1 Qf3 38. Qe1+ Qe4 39. Qc1 Kf5 40.
Rb2 Kg6 41. Qd1 Nf5 42. Re2 Qg4 43. Re1 Ncxd4 44. cxd4 Nxd4 45. Kg2 Qxd1 46.
Rxd1 Nb3 47. Rb1 d4 48. f3 c3 49. Rxb3 c2 0-1

[Event "OLOMOUC CHESS SUMMER 2005 - IM B - AVE-"]
[Site "Olomouc (CZE)"]
[Date "2005.??.??"]
[Round "11.1"]
[White "Plat, Vojtech"]
[Black "Pel, Bonno"]
[Result "1-0"]
[WhiteElo "1945"]
[BlackElo "2310"]
[PlyCount "79"]
[EventDate "2005.08.03"]

1. e4 d6 2. d4 g6 3. Nf3 Bg7 4. Bc4 c6 5. Nc3 e6 6. d5 b5 7. Bb3 b4 8. Ne2 cxd5
9. exd5 e5 10. O-O Nf6 11. Ng3 O-O 12. Bd2 Qb6 13. Be3 Qb7 14. c4 bxc3 15. bxc3
Nbd7 16. c4 Qc7 17. Rc1 Nc5 18. Bxc5 Qxc5 19. Ng5 Bh6 20. h4 Qb6 21. Rc3 Qd8
22. c5 dxc5 23. Rxc5 Bb7 24. d6 Nd7 25. Rc7 Ba6 26. Nxf7 Rxf7 27. Bxf7+ Kxf7
28. Qd5+ Kg7 29. Qxe5+ Kf8 30. Qh8+ Kf7 31. Rxd7+ Qxd7 32. Qxa8 Bxf1 33. Qd5+
Qe6 34. Qb7+ Kf6 35. Kxf1 Bf4 36. Qf3 g5 37. hxg5+ Kxg5 38. Ne4+ Kf5 39. g3
Qc4+ 40. Kg2 1-0

[Event "OLOMOUC CHESS SUMMER 2005 - IM B - AVE-"]
[Site "Olomouc (CZE)"]
[Date "2005.??.??"]
[Round "11.4"]
[White "Treybal, Dusan"]
[Black "Kraemer, Martin"]
[Result "0-1"]
[WhiteElo "2236"]
[BlackElo "2377"]
[PlyCount "72"]
[EventDate "2005.08.03"]

1. e4 c5 2. Nf3 Nc6 3. d4 cxd4 4. Nxd4 Nf6 5. Nc3 d6 6. Bc4 e6 7. Be3 Be7 8.
Qe2 a6 9. O-O-O Qc7 10. Bb3 O-O 11. g4 Nxd4 12. Rxd4 Nd7 13. g5 Nc5 14. h4 b5
15. h5 f5 16. exf5 Rxf5 17. g6 h6 18. Rhd1 Bd7 19. Ne4 Nxb3+ 20. axb3 d5 21.
Ng3 Rff8 22. Qd2 Bc6 23. Bxh6 gxh6 24. Qxh6 Bd6 25. Ne2 Qg7 26. Qe3 Qe5 27. Qc3
Rac8 28. h6 Bd7 29. Qd3 Rxf2 30. g7 Qxe2 31. h7+ Kxg7 32. Rg1+ Kh8 33. Rg8+
Rxg8 34. hxg8=Q+ Kxg8 35. Qg6+ Kf8 36. Qh6+ Ke8 0-1

[Event "OLOMOUC CHESS SUMMER 2005 - IM B - AVE-"]
[Site "Olomouc (CZE)"]
[Date "2005.??.??"]
[Round "11.6"]
[White "Vovk, Yuri"]
[Black "Potapov, Pavel"]
[Result "0-1"]
[WhiteElo "2435"]
[BlackElo "2285"]
[PlyCount "84"]
[EventDate "2005.08.03"]

1. e4 e5 2. Nf3 Nc6 3. Bb5 Nd4 4. Nxd4 exd4 5. O-O Bc5 6. Re1 Ne7 7. b3 O-O 8.
Bb2 d5 9. Bf1 dxe4 10. Rxe4 Bf5 11. Re1 Qd7 12. d3 Nd5 13. Nd2 Rfe8 14. Rxe8+
Rxe8 15. g3 Bg4 16. Nf3 Bb4 17. Bg2 Bc3 18. Bxc3 Nxc3 19. Qf1 c6 20. a4 a5 21.
Nd2 Be2 22. Qc1 Bxd3 23. Bf1 Bxf1 24. Qxf1 Qe6 25. Qc4 Qf5 26. Qd3 Qd5 27. Nf3
c5 28. Re1 Rxe1+ 29. Nxe1 Qe4 30. Nf3 Qxd3 31. cxd3 f6 32. Kf1 Kf7 33. Nd2 b6
34. Nc4 Nd5 35. Ke2 Ke6 36. Kd2 Kf5 37. Nd6+ Kg4 38. Ne8 g6 39. h4 Kf3 40. Ke1
f5 41. Nd6 f4 42. gxf4 Kxf4 0-1

[Event "OLOMOUC CHESS SUMMER 2005 - IM C - AGEN"]
[Site "Olomouc (CZE)"]
[Date "2005.??.??"]
[Round "11.1"]
[White "Nadig, Kruttika"]
[Black "Tibensky, Robert"]
[Result "0-1"]
[WhiteElo "2198"]
[BlackElo "2444"]
[PlyCount "108"]
[EventDate "2005.08.03"]

1. e4 e6 2. d4 d5 3. Nc3 Nf6 4. Bg5 Bb4 5. e5 h6 6. Bd2 Bxc3 7. bxc3 Ne4 8. Qg4
Kf8 9. h4 c5 10. Bd3 Nxd2 11. Kxd2 c4 12. Be2 Nc6 13. Nf3 Qe7 14. a3 b5 15. h5
a5 16. Qf4 Rb8 17. g4 b4 18. axb4 axb4 19. Rhb1 bxc3+ 20. Kxc3 Rxb1 21. Rxb1
Ke8 22. Qc1 f6 23. exf6 gxf6 24. Qb2 Kf7 25. Qb6 Bd7 26. Qc7 Rc8 27. Qf4 Kg7
28. Nh4 Be8 29. Kd2 Qa7 30. Nf3 Bf7 31. Ke1 Bg8 32. Qd6 Bf7 33. Kf1 Rc7 34. Rb5
Ne7 35. Qb4 Rd7 36. Rb6 Qa1+ 37. Kg2 Qc1 38. c3 Qf4 39. Ng1 Ra7 40. Rb7 Rxb7
41. Qxb7 Qd6 42. f4 Kf8 43. Qa8+ Be8 44. Nh3 Qb6 45. g5 Qb2 46. Kf1 Qxc3 47.
Kg2 Qd2 48. Kf1 Qe3 49. Nf2 fxg5 50. fxg5 Qxg5 51. Bd1 Nf5 52. Qa3+ Kg7 53.
Qa7+ Bf7 54. Ng4 Qf4+ 0-1

[Event "OLOMOUC CHESS SUMMER 2005 - IM C - AGEN"]
[Site "Olomouc (CZE)"]
[Date "2005.??.??"]
[Round "11.2"]
[White "Rojicek, Vojtech"]
[Black "Pitl, Gregory"]
[Result "0-1"]
[WhiteElo "2153"]
[BlackElo "2332"]
[PlyCount "98"]
[EventDate "2005.08.03"]

1. e4 c5 2. Nf3 a6 3. d3 g6 4. g3 Bg7 5. Bg2 Nc6 6. O-O d6 7. Nbd2 e5 8. Nh4
Nf6 9. f4 exf4 10. gxf4 Ng4 11. Ndf3 Bf6 12. h3 Bxh4 13. Nxh4 Qxh4 14. hxg4
Bxg4 15. Qd2 Nd4 16. Rf2 Qh5 17. b3 Ne2+ 18. Rxe2 Bxe2 19. Bb2 Rg8 20. Kf2 g5
21. Rh1 Qg4 22. f5 h5 23. Qxe2 Qf4+ 24. Ke1 h4 25. Qf3 Qxf3 26. Bxf3 g4 27. Rg1
O-O-O 28. Rxg4 Rxg4 29. Bxg4 Rg8 30. Bh3 Rg1+ 31. Kf2 Rh1 32. Bg2 Rb1 33. Bf6
Rc1 34. Bxh4 Rxc2+ 35. Kf3 Rxa2 36. Be7 Kd7 37. f6 Rb2 38. Bh3+ Ke8 39. Bxd6
Rxb3 40. Bxc5 Rxd3+ 41. Be3 b5 42. e5 b4 43. Ke2 Rd5 44. Bf4 b3 45. Bg2 b2 46.
Be4 Rd4 47. Bc6+ Kf8 48. Bh6+ Kg8 49. e6 b1=Q 0-1

[Event "OLOMOUC CHESS SUMMER 2005 - IM C - AGEN"]
[Site "Olomouc (CZE)"]
[Date "2005.??.??"]
[Round "11.4"]
[White "Jasny, Stanislav"]
[Black "Chytilek, Roman"]
[Result "1/2-1/2"]
[WhiteElo "2341"]
[BlackElo "2415"]
[PlyCount "52"]
[EventDate "2005.08.03"]

1. e4 d5 2. exd5 Qxd5 3. Nc3 Qa5 4. d4 c6 5. Nf3 Bf5 6. Bd2 e6 7. g3 Nf6 8. Bg2
Nbd7 9. O-O Qc7 10. Bf4 Bd6 11. Bxd6 Qxd6 12. Qe2 O-O 13. Rfd1 Rfd8 14. a3 Nb6
15. Ne5 h6 16. Rac1 Nfd7 17. Ne4 Bxe4 18. Bxe4 Nxe5 19. dxe5 Qc5 20. Rxd8+ Rxd8
21. Rd1 Rd7 22. Rxd7 Nxd7 23. Qd2 Qxe5 24. Qxd7 Qxe4 25. Qe8+ Kh7 26. Qxf7 Qe1+
1/2-1/2

[Event "OLOMOUC CHESS SUMMER 2005 - IM C - AGEN"]
[Site "Olomouc (CZE)"]
[Date "2005.??.??"]
[Round "11.5"]
[White "Groetz, Harald"]
[Black "Aliev, Kerim"]
[Result "1-0"]
[WhiteElo "2303"]
[BlackElo "2325"]
[PlyCount "48"]
[EventDate "2005.08.03"]

1. e4 e5 2. d4 exd4 3. Qxd4 Nf6 4. Nc3 Nc6 5. Qe3 Bb4 6. Bd2 O-O 7. O-O-O d6 8.
Qg3 Qe7 9. a3 a5 10. Kb1 Qe6 11. Nh3 Ne5 12. Nf4 Qg4 13. axb4 axb4 14. Qxg4
Nexg4 15. Ncd5 Nxf2 16. Nxf6+ gxf6 17. Bd3 Nxd1 18. Rxd1 Bg4 19. Rf1 Be6 20.
Bxb4 c5 21. Bc3 Ba2+ 22. Kc1 f5 23. Nh5 Rfd8 24. Rxf5 Be6 1-0

[Event "OLOMOUC CHESS SUMMER 2005 - IM C - AGEN"]
[Site "Olomouc (CZE)"]
[Date "2005.??.??"]
[Round "11.6"]
[White "Jurcik, Marian"]
[Black "Sluka, Radek"]
[Result "1/2-1/2"]
[WhiteElo "2342"]
[BlackElo "2329"]
[PlyCount "53"]
[EventDate "2005.08.03"]

1. e4 d5 2. exd5 Nf6 3. Bb5+ Bd7 4. Be2 Nxd5 5. d4 Bf5 6. a3 e6 7. c4 Nb6 8.
Nc3 Be7 9. Nf3 O-O 10. Be3 Bf6 11. h3 Nc6 12. b3 e5 13. d5 e4 14. Nd4 Nxd4 15.
Bxd4 c5 16. Bxf6 Qxf6 17. Rc1 Rae8 18. O-O Qg5 19. Bg4 Bg6 20. f4 exf3 21. Bxf3
Nc8 22. d6 Rd8 23. d7 Nb6 24. Bxb7 Nxd7 25. Bf3 Nf6 26. Nd5 Ne4 27. Re1 1/2-1/2

[Event "Open Olomouc 2005"]
[Site "Olomouc (CZE)"]
[Date "2005.??.??"]
[Round "9.1"]
[White "OLEKSIENKO, MIKHAILO."]
[Black "KIREEV, ALEKSEI."]
[Result "1/2-1/2"]
[WhiteElo "2487"]
[BlackElo "2396"]
[PlyCount "91"]
[EventDate "2005.08.04"]

1. e4 e5 2. Nf3 d6 3. d4 exd4 4. Qxd4 Nf6 5. Nc3 Be7 6. Bg5 O-O 7. O-O-O Nc6 8.
Qd2 Be6 9. Kb1 h6 10. Bf4 a6 11. Bd3 Nb4 12. Nd4 Nxd3 13. Qxd3 Nh5 14. Bc1 Bg5
15. g3 Bxc1 16. Kxc1 Qg5+ 17. f4 Qc5 18. f5 Bc4 19. Qd2 Nf6 20. g4 Rfe8 21.
Rhe1 Nh7 22. h4 f6 23. Nf3 Bf7 24. Qf4 b5 25. g5 hxg5 26. hxg5 Nxg5 27. Nxg5
fxg5 28. Qxg5 Qe5 29. Rg1 Kf8 30. a3 Qf6 31. Qg3 Rab8 32. Rh1 a5 33. Rh8+ Ke7
34. Rxe8+ Kxe8 35. e5 dxe5 36. Rh1 Ke7 37. Qe3 Rb6 38. b3 Qd6 39. Kb1 Qd4 40.
Qg5+ Rf6 41. Ne2 Qf2 42. Ng3 a4 43. Qxg7 Qf3 44. Rf1 Qg2 45. b4 Qd5 46. Kc1
1/2-1/2

[Event "Open Olomouc 2005"]
[Site "Olomouc (CZE)"]
[Date "2005.??.??"]
[Round "9.2"]
[White "KRYVORUCHKO, YURIY."]
[Black "ZEBERSKI, JAKUB."]
[Result "1-0"]
[WhiteElo "2476"]
[BlackElo "2338"]
[PlyCount "65"]
[EventDate "2005.08.04"]

1. e4 e5 2. Nf3 Nc6 3. Bb5 a6 4. Ba4 Nf6 5. O-O Be7 6. Re1 b5 7. Bb3 d6 8. c3
O-O 9. h3 Na5 10. Bc2 c5 11. d4 Qc7 12. Nbd2 cxd4 13. cxd4 Nc6 14. Nb3 a5 15.
Be3 a4 16. Nbd2 Bd7 17. Rc1 Qb7 18. Bb1 Rfe8 19. Nf1 Bd8 20. Ng3 h6 21. Nh4
Nxd4 22. Bxd4 exd4 23. Nhf5 Ra6 24. Qxd4 Bxf5 25. Nxf5 Re6 26. e5 Bb6 27. Nxd6
Bxd4 28. Nxb7 Bxe5 29. Rc8+ Ne8 30. Nc5 Rac6 31. Rxc6 Rxc6 32. Rxe5 Nc7 33. Be4
1-0

[Event "Open Olomouc 2005"]
[Site "Olomouc (CZE)"]
[Date "2005.??.??"]
[Round "9.3"]
[White "PINTER, ERIK."]
[Black "TRICKOV, VASIL."]
[Result "0-1"]
[WhiteElo "2369"]
[BlackElo "2319"]
[PlyCount "120"]
[EventDate "2005.08.04"]

1. e4 c5 2. Nf3 d6 3. d4 Nf6 4. Nc3 cxd4 5. Nxd4 a6 6. Be2 e5 7. Nb3 Be7 8. O-O
Be6 9. f4 Qc7 10. Kh1 Nbd7 11. a4 Rc8 12. f5 Bc4 13. a5 h6 14. Bxc4 Qxc4 15.
Ra4 Qc7 16. Be3 O-O 17. Nc1 Rfd8 18. Nd3 b5 19. axb6 Nxb6 20. Bxb6 Qxb6 21. Qa1
Qb8 22. Nb4 Qb7 23. Nbd5 Nxd5 24. Nxd5 Rxc2 25. Rxa6 Bg5 26. Rb6 Qc8 27. Qd1
Qc4 28. Qf3 Rc1 29. Rg1 Rc8 30. h3 Qd4 31. Rxc1 Rxc1+ 32. Kh2 Bf4+ 33. Nxf4
Qxb6 34. Nd5 Qxb2 35. f6 Qa1 36. Ne7+ Kf8 37. fxg7+ Kxg7 38. Nf5+ Kf8 39. Nxd6
Rh1+ 40. Kg3 Qe1+ 41. Qf2 h5 42. Qxe1 Rxe1 43. Kf2 Ra1 44. Nf5 Ra2+ 45. Kf3
Ra3+ 46. Kf2 Ra6 47. Ng3 Rh6 48. Nf5 Rh7 49. h4 f6 50. g4 hxg4 51. Kg3 Ra7 52.
Kxg4 Ra1 53. Ng3 Kf7 54. h5 Ra2 55. Nf5 Rf2 56. Ng3 Rf4+ 57. Kh3 Kg7 58. Kg2
Kh6 59. Kh3 Kg5 60. Kg2 Rh4 0-1

[Event "Open Olomouc 2005"]
[Site "Olomouc (CZE)"]
[Date "2005.??.??"]
[Round "9.5"]
[White "GOURLAY, IAIN."]
[Black "ISMAGAMBETOV, ANAUR."]
[Result "1/2-1/2"]
[WhiteElo "2361"]
[BlackElo "2408"]
[PlyCount "149"]
[EventDate "2005.08.04"]

1. Nf3 Nf6 2. g3 b6 3. Bg2 Bb7 4. O-O c5 5. c4 e6 6. b3 Be7 7. Nc3 d6 8. d4 a6
9. d5 e5 10. e4 O-O 11. Re1 Nbd7 12. Nd2 g6 13. f4 Nh5 14. f5 Bg5 15. Nf3 Bxc1
16. Qxc1 Kg7 17. Rf1 h6 18. Rf2 Bc8 19. Qd1 Kh7 20. a3 Ndf6 21. Bh3 Bd7 22.
fxg6+ fxg6 23. Bxd7 Qxd7 24. Nd2 Ng4 25. Rf3 Kg7 26. Qe2 Rxf3 27. Nxf3 Ngf6 28.
Nd2 Nh7 29. Nf3 N5f6 30. Kg2 Rh8 31. Nd1 Rg8 32. a4 Rb8 33. Nc3 Nh5 34. Nh4 Ng5
35. Nf5+ gxf5 36. Qxh5 Nxe4 37. Nxe4 fxe4 38. Re1 Qf7 39. Qg4+ Qg6 40. Rxe4
Qxg4 41. Rxg4+ Kf6 42. Rh4 Kg5 43. Re4 b5 44. axb5 axb5 45. h3 bxc4 46. bxc4
Rb3 47. Rg4+ Kf5 48. Rh4 Kg6 49. Rg4+ Kh7 50. Rh4 Rc3 51. Kf2 Ra3 52. Kg2 Rb3
53. Kf2 Rc3 54. Kg2 Kg6 55. Rg4+ Kf5 56. Rh4 e4 57. Rxh6 Rxc4 58. Rxd6 Rc2+ 59.
Kf1 Ke5 60. Rd8 Kd4 61. d6 Ke3 62. d7 Rd2 63. h4 c4 64. h5 c3 65. Rc8 Rxd7 66.
Rxc3+ Kd2 67. Ra3 e3 68. Ra2+ Kd3 69. Ra3+ Ke4 70. Ke2 Rd2+ 71. Ke1 Rh2 72. Ra8
Kf3 73. Rf8+ Kxg3 74. Rg8+ Kf3 75. Rf8+ 1/2-1/2

[Event "Open Olomouc 2005"]
[Site "Olomouc (CZE)"]
[Date "2005.??.??"]
[Round "9.7"]
[White "PARLIGRAS, COSMIN."]
[Black "DOBREV, NANKO."]
[Result "0-1"]
[WhiteElo "2244"]
[BlackElo "2426"]
[PlyCount "176"]
[EventDate "2005.08.04"]

1. b3 b5 2. Nf3 Bb7 3. e3 b4 4. Bb2 a5 5. Be2 Nf6 6. O-O g6 7. Ne5 d6 8. Ng4
Nbd7 9. Bf3 c6 10. c4 Bg7 11. Nxf6+ Nxf6 12. d3 O-O 13. Nd2 Re8 14. c5 d5 15.
Be5 Qd7 16. Be2 Qf5 17. f4 Bc8 18. a3 bxa3 19. Rxa3 Qe6 20. Nf3 Qd7 21. Qa1 Qb7
22. Qc3 Bf8 23. Bd4 Nd7 24. g4 f6 25. g5 e5 26. fxe5 fxe5 27. Nxe5 Nxe5 28.
Bxe5 Qe7 29. Bd4 Qxg5+ 30. Kh1 Bh3 31. Rg1 Qd8 32. Rg3 Bf5 33. Ra1 Ra7 34. Rf1
Rf7 35. Bg4 Bxg4 36. Rxf7 Kxf7 37. Rxg4 Bh6 38. Rg3 Kg8 39. Rf3 Qc7 40. Kg2 Qd7
41. Qa1 Rb8 42. Rh3 Bf8 43. Qf1 Bxc5 44. Qf6 Bxd4 45. exd4 Rf8 46. Qe5 Qf7 47.
Re3 Qf2+ 48. Kh3 Rf3+ 49. Rxf3 Qxf3+ 50. Kh4 h6 51. Qe8+ Kg7 52. Qe7+ Qf7 53.
Qe3 g5+ 54. Kg3 Kg6 55. Qe5 h5 56. Qd6+ Qf6 57. Qb8 g4 58. Qe8+ Kh6 59. Qe3+
Kg7 60. h3 gxh3 61. Kxh3 Qf5+ 62. Kh2 Kf7 63. Qg3 Ke6 64. Qg8+ Kd7 65. Qg3 Kc8
66. Qe3 Qd7 67. Qe2 h4 68. Qe1 Qc7+ 69. Kh3 Qf4 70. Qe8+ Kb7 71. Qe7+ Qc7 72.
Qxh4 Ka6 73. Kg2 Kb5 74. Qf2 Kb4 75. Qb2 Qf4 76. Qa2 Qg4+ 77. Kh2 Kb5 78. Qa4+
Kb6 79. b4 Qe2+ 80. Kh1 Qe1+ 81. Kh2 Qxb4 82. Qa1 Qd2+ 83. Kh1 Qxd3 84. Qb2+
Qb5 85. Qa1 a4 86. Qc3 Qc4 87. Qe3 Qc2 88. Qe5 Qe4+ 0-1